[Event "ECU-chT U20"]
[Site "Carpuela"]
[Date "2014.05.05"]
[Round "5.5"]
[White "Fares Sarmiento, Francisco Jos"]
[Black "Borja Izquierdo, Diego Fernand"]
[Result "0-1"]
[WhiteElo "1520"]
[BlackElo "1653"]
[PlyCount "66"]
[EventDate "2014.05.03"]
[EventType "team-swiss"]
[EventRounds "7"]
[EventCountry "ECU"]
[SourceTitle "CBM 160 Extra"]
[Source "ChessBase"]
[SourceDate "2014.07.01"]
[SourceVersion "1"]
[SourceVersionDate "2014.07.01"]
[SourceQuality "1"]
[WhiteTeam "Loja"]
[BlackTeam "Santa Elena"]
[WhiteTeamCountry "ECU"]
[BlackTeamCountry "ECU"]

1. d4 Nf6 2. c4 e6 3. Nc3 Bb4 4. Qc2 b6 5. a3 Bxc3+ 6. Qxc3 0-0 7. f3 d5 8. b3 Nbd7 9. e3 Bb7 10. Bd3 Re8 11. Ne2 Nf8 12. Ng3 Ng6 13. 0-0 Qd7 14. e4 dxe4 15. Nxe4 Nxe4 16. Bxe4 Bxe4 17. fxe4 Rad8 18. Be3 f6 19. Rad1 Nf8 20. c5 Qc6 21. Qc2 bxc5 22. dxc5 e5 23. Rxd8 Rxd8 24. Kf2 Kh8 25. Qc4 Ne6 26. b4 a6 27. Qc2 h6 28. Kf3 f5 29. Bf2 Ng5+ 30. Ke2 Nxe4 31. Bh4 Rd2+ 32. Qxd2 Nxd2 33. Kxd2 Qxg2+ 0-1